| 000 | 01112 a2200313 4500 | ||
|---|---|---|---|
| 999 |
_c200420008 _d37229 |
||
| 001 | 200420008 | ||
| 003 | TR-AnTOB | ||
| 005 | 20241121104753.0 | ||
| 008 | 140724s tu 000 0 | ||
| 040 |
_aTR-AnTOB _btur _erda _cTR-AnTOB |
||
| 041 | 0 | _atur | |
| 050 | 0 | 0 |
_aQB145 _b.T33 2014 |
| 090 | _aQB145 .T33 2014 | ||
| 245 | 1 | 0 |
_aTahdidü Nihayati’l-Emakin : _bEbu Reyhan Muhammed b.Ahmed / _ctransliterasyonu haz. Melek Dosay Gökdoğan, Tuba Uymaz. |
| 264 |
_aAnkara,: _bAKDTYK Türk Tarih Kurumu Yayınları, _c2014 |
||
| 300 |
_a124 page _bill. ;32cm. _c20 cm |
||
| 336 |
_atext _2rdacontent _btxt |
||
| 337 |
_aunmediated _2rdamedia _bn |
||
| 338 |
_avolume _2rdacarrier _bnc |
||
| 490 | 0 |
_aKültür Bakanlığı Yayınları ; _v1203 _aKültür Eserler Dizisi ; _v153 |
|
| 500 | _aIncludes index | ||
| 650 | 0 | 0 |
_aAstronomy _vObservations _xObservations _9100406 |
| 650 | 0 | 0 |
_aAstronomi _vGözlemler _xGözlemler _914995 |
| 700 |
_aUymaz, Tuba _9110371 |
||
| 700 | 1 |
_aDosay Gökdoğan, Melek _9110370 |
|
| 710 |
_aTürkiye. _bKültür Bakanlığı _941485 |
||
| 942 |
_cBK _2lcc |
||